| 000 | 00771nam a22001337a 4500 | ||
|---|---|---|---|
| 040 | _cRUA | ||
| 082 | _aAGR PRU B535 2014 Or. | ||
| 100 | _aPRUM SI EK; ព្រហ្ម ស៊ីអ៊ិ | ||
| 245 | _aComparison of different fertilizers on chulsa rice variety at crop station of royal university of agriculture; ការប្រៀបធៀបប្រភេទជីផ្សេងៗគ្នា ទៅលើពូជស្រូវជលសារនៅស្ថានីយដំណាំ នៃសាកលវីទ្យាល័យភូមិន្ទកសិកម្ម | ||
| 260 |
_aRUA _bPhnom Penh _c2015 |
||
| 300 |
_axi; 56p. _bill. _c29cm. |
||
| 856 | _uhttps://drive.google.com/file/d/1vwJmGvcxbO2YIhScxes5m6pguxHvNQWf/view?usp=sharing | ||
| 942 | _cAGR | ||
| 999 |
_c10993 _d10993 |
||